[Event "OPEN74"]
[Site "Annecy"]
[Date "2024.05.10"]
[Round "6.7"]
[White "De Concini, Marco"]
[Black "Bigillon, Mats"]
[Result "1-0"]
[WhiteElo "1676"]
[BlackElo "1839"]
[PlyCount "101"]
[EventDate "2024.05.08"]
[EventType "swiss"]
[EventRounds "7"]
[EventCountry "FRA"]

1. f4 d5 2. Nf3 Nc6 3. e3 Bg4 4. Bb5 Nf6 5. b3 a6 6. Bxc6+ bxc6 7. Bb2 e6 8.
O-O Be7 9. Qe1 Ne4 10. Ne5 Bf6 11. Nxc6 Qd6 12. Ne5 h5 13. d3 Nc5 14. Ba3 Bxe5
15. fxe5 Qb6 16. Qf2 O-O 17. e4 Nd7 18. Qxb6 cxb6 19. Bxf8 Rxf8 20. h3 Be2 21.
Rf2 Bd1 22. Na3 Bg4 23. hxg4 hxg4 24. Rf4 Nxe5 25. d4 Ng6 26. Rxg4 dxe4 27. Re1
Ne7 28. Rgxe4 Rd8 29. Nc4 b5 30. Ne5 Nf5 31. c3 Rd6 32. Rf4 a5 33. g4 Nh6 34.
Ref1 f6 35. Nf3 Rc6 36. Rc1 Nf7 37. Kf2 Nd6 38. g5 f5 39. Ne5 Rc7 40. Ke3 Ne4
41. Rxe4 fxe4 42. Kxe4 g6 43. Nxg6 Rg7 44. Nf4 Rxg5 45. Rc2 Kf7 46. c4 Ke7 47.
c5 Kd7 48. Rg2 Rf5 49. Rg6 a4 50. d5 Rf8 51. dxe6+ 1-0

[Event "OPEN74"]
[Site "Annecy"]
[Date "2024.05.10"]
[Round "6.5"]
[White "Colandrea, Sauveur"]
[Black "Lakomsky, Didier"]
[Result "0-1"]
[WhiteElo "1740"]
[BlackElo "1898"]
[Annotator "famil"]
[PlyCount "50"]
[EventDate "2024.05.08"]
[EventType "swiss"]
[EventRounds "7"]
[EventCountry "FRA"]

1. e4 e6 2. d4 d5 3. Nc3 Nf6 4. Bg5 Bb4 5. e5 h6 6. Bd2 Bxc3 7. bxc3 Ne4 8. Qg4
Kf8 9. Bd3 Nxd2 10. Kxd2 c5 11. h4 Nc6 12. Nf3 c4 13. Be2 Bd7 14. Rh3 b5 15. a3
a5 16. Rg3 Rg8 17. h5 b4 18. axb4 axb4 19. Rxa8 Qxa8 20. Nh4 bxc3+ 21. Rxc3 Qa5
22. Qf4 Ke7 23. Qe3 Rb8 24. Ke1 Rb1+ 25. Bd1 Qa1 {abandon} (25... Qa1 26. Qd2
Rxd1+ 27. Qxd1 Qxc3+) 0-1

[Event "OPEN74"]
[Site "Annecy"]
[Date "2024.05.10"]
[Round "6.2"]
[White "Saya, Ethan"]
[Black "Gros, Baudouin"]
[Result "1-0"]
[WhiteElo "2231"]
[BlackElo "1852"]
[PlyCount "59"]
[EventDate "2024.05.08"]
[EventType "swiss"]
[EventRounds "7"]
[EventCountry "FRA"]

1. d4 d5 2. c4 e6 3. Nf3 Nf6 4. g3 dxc4 5. Bg2 Bb4+ 6. Bd2 c5 7. dxc5 Bxc5 8.
Na3 c3 9. Bxc3 Qxd1+ 10. Rxd1 Bxa3 11. bxa3 Nc6 12. Nd4 Nd5 13. Nxc6 bxc6 14.
Bxg7 Rg8 15. Bd4 Bd7 16. O-O a6 17. e4 Ne7 18. Be5 c5 19. Rc1 Rc8 20. Rc3 c4
21. Rfc1 Bb5 22. a4 Bxa4 23. Rxc4 Rxc4 24. Rxc4 Bb5 25. Rc7 Rg6 26. Bd6 Nc6 27.
e5 Nd8 28. Re7+ Kf8 29. Be4 Rg7 30. Bd3 {abandon} (30. Bd3 Bxd3 31. Rxe6+ Kg8
32. Re8#) 1-0

[Event "OPEN74"]
[Site "Annecy"]
[Date "2024.05.10"]
[Round "6.3"]
[White "Sabatier, Mathis"]
[Black "Lamouille"]
[Result "1-0"]
[WhiteElo "2107"]
[BlackElo "1864"]
[Annotator "famil"]
[PlyCount "69"]
[EventDate "2024.05.08"]
[EventType "swiss"]
[EventRounds "7"]
[EventCountry "FRA"]

1. d4 Nf6 2. Nf3 d6 3. Nbd2 g6 4. e4 Bg7 5. Bd3 Nfd7 6. O-O O-O 7. Qe1 e5 8. c3
Nc6 9. Nb3 h6 10. a4 a6 11. a5 Ne7 12. dxe5 Nxe5 13. Nxe5 dxe5 14. Qe2 Bd7 15.
Rd1 Qc8 16. Be3 Rd8 17. Nc5 Be6 18. b4 b6 19. Nxe6 Qxe6 20. axb6 cxb6 21. Rxa6
Rab8 22. Rc1 Rd6 23. Ra7 Rbd8 24. Bc4 Qf6 25. h3 R8d7 26. Rxd7 Rxd7 27. Ra1 Rc7
28. Ra6 Qc6 29. Ba2 Qxe4 30. Qd2 Kh7 31. Bxb6 Rc6 32. b5 Rf6 33. Bc5 {abandon}
Qb7 34. c4 (34. Ra7 Qxb5 35. Bxe7 $18 {[%eval 709,22]}) 34... Rxa6 (34... Nf5
35. Qd5 $18 {[%eval 795,20]}) 35. bxa6 $18 {[%eval 770,22]} 1-0